Dictionary of electronics
| Main Author: | |
|---|---|
| Format: | Book |
| Published: |
K.L :
Crescent News ,
1993
|
| Subjects: |
MARC
| LEADER | 00000cam a2200000 7i4500 | ||
|---|---|---|---|
| 001 | 0000002916 | ||
| 002 | 000003155 | ||
| 005 | 20000330.0 | ||
| 020 | |a T000000288 | ||
| 090 | 0 | 0 | |a 621.381 |b PUR |
| 100 | 1 | |a PURI, V.K | |
| 245 | 1 | 0 | |a Dictionary of electronics |c V.K Puri and P.Chand |
| 260 | |a K.L : |b Crescent News , |c 1993 | ||
| 300 | |a 344p. ; |c 22cm. | ||
| 650 | 0 | 0 | |a Electronics |x Dictionaries |
| 999 | |a 036477 |b BUKU |c RUJUKAN |e PERPUSTAKAAN KOMUNITI PETALING JAYA | ||